000 00308nam a22001337a 4500
008 170621b xxu||||| |||| 00| 0 eng d
020 _a9780739469736
041 _aeng
080 _a94(7/8)
100 _a18
101 _aSHP
245 _aTHE RESEARCH AMERICAN DEMOCRACY
_cWILENTZ.S
942 _2udc
_cBK
999 _c18384
_d18384